Vrai/Faux : Homonymes de départements français 7 - Statistiques

Statistiques générales
  • Ce quiz a été pris 10 fois
  • Le résultat moyen est 21 sur 50
Statistiques - réponses
Hint Explanation Réponse % Correct
Rhône est un fleuve VRAI
90%
Rhône est le département numéroté 69 VRAI
90%
Mayenne est le département numéroté 53 VRAI
90%
Nord a servi ou sert de qualificatif à 4 pays Corée, Vietnam, Yémen et Macédoire VRAI
80%
Nievre signifie "neige" en espagnol Nieve FAUX
70%
Manche s'il est à air est un cône de tissu VRAI
70%
Meuse est un fleuve VRAI
70%
Marne est le département numéroté 53 51 FAUX
60%
Nord Pierre est un écrivain VRAI
60%
Manche est une partie d'un instrument à cordes VRAI
60%
Isère Thomas est un artiste de rue Iser FAUX
50%
Nièvre est un fleuve de Normandie Pure invention ! FAUX
50%
Nord est un album de Pierre Bachelet Pure invention ! FAUX
50%
Isère est un prénom féminin Isaure FAUX
50%
Morbihan signifie "petite mer" VRAI
50%
Lozère est un massif du Massif central VRAI
50%
Lozère est le département numéroté 52 48 FAUX
40%
Moselle est une appellation de bière Pure invention ! FAUX
40%
Orne est un genre de basset Hound FAUX
40%
Lot est un personnage de la Chanson de Roland Du cycle arthurien FAUX
40%
Indre est un pays d'Asie Inde évidemment FAUX
40%
Lot est le loto allemand FAUX
40%
Nièvre signifie "fade" Mièvre FAUX
40%
Meuse est un catamaran de course Pure invention ! FAUX
40%
Nord est le nom d'un cap de Norvège VRAI
40%
Nord est une région du Brésil VRAI
40%
Marne désigne une roche sédimentaire VRAI
40%
Manche est une partie de vêtement VRAI
40%
Isère est le navire qui a transporté la Statue de la Liberté aux Etats-Unis VRAI
40%
Lot Pierre était un écrivain Loti FAUX
30%
Loire est la rivière qui passe à Bruxelles C'est la Senne FAUX
30%
Manche est une mer de la lune Pure invention ! FAUX
30%
Loire est le nom d'une mer de la lune Pure invention ! FAUX
30%
Nord était un des navires transportant les bagnards en Guyane Pure invention ! FAUX
30%
Orne est le département français numéroté 63 61 FAUX
30%
Sarthe désigne un lieu défriché Sart ou essart FAUX
30%
Loire était un transatlantique Pure invention ! FAUX
30%
Nord est une île de Nouvelle-Zélande VRAI
30%
Nord est une région de l'Ouganda VRAI
30%
Nord Lilas est un écrivain pour la jeunesse VRAI
30%
Indre est un prénom lituanien VRAI
30%
Moselle Henri était un général de l'Empire Pure invention ! FAUX
20%
Savoie est une vallée des Alpes Un col FAUX
20%
Oise est un affluent de la Marne De la Seine FAUX
20%
Loire est une commune de Charente-Maritime VRAI
20%
Moselle est un diminutif de Meuse VRAI
20%
Marne est une ville de l'Iowa VRAI
20%
Nord signifie "Nord" en néerlandais Noord FAUX
10%
Marne est une vallée française Marne-la-Vallée est une commune FAUX
10%
Jura est un fromage de ce département Suisse FAUX
10%
Aucun quiz correspondant
Distribution des résultats
% des personnes avec chaque résultat
Percentile par nombre de réponses
Votre historique - résultats
Vous n’avez pas pris ce quiz